Paroles Double je - Christophe Willem - Statistiques

Statistiques générales
  • Ce quiz a été pris 140 fois
  • Le résultat moyen est 261 sur 292
Statistiques - réponses
Paroles % Correct
j'
100%
J'
100%
je
100%
Je
100%
qu'
100%
À
99%
C'
99%
de
99%
De
99%
Que
99%
que
99%
est
98%
est-
98%
me
97%
Bee
96%
comme
96%
En
96%
en
96%
l'
96%
1
95%
attendant,
95%
bien
95%
Bien
95%
ça
95%
ce
95%
Le
95%
le
95%
les
95%
Ou
95%
ou
95%
peux
95%
se
95%
y
95%
déguise
94%
rouge
94%
noir
93%
sera
93%
serai
93%
tout
93%
grand,
91%
grand
91%
Quand
91%
quand
91%
toutes
91%
espoir
90%
Formule
89%
vont
89%
vrai
89%
pilote
88%
couleurs,
87%
ma
87%
suis
87%
tous
87%
qui
86%
Double
84%
la
84%
un
84%
costumes
83%
et
83%
blues
82%
autre
81%
faute
78%
ai
77%
Gees
77%
dans
73%
aime
72%
bain
68%
facile
68%
salle
68%
voir
68%
saurais
66%
Enfin,
65%
mais
65%
moi
64%
Oui,
58%
Oui
58%
on
57%
dise
55%
défile
52%
Après
51%
magasins
50%
peur,
48%
vendeur
44%
dérobe
43%
ris
42%
pleure,
41%
sais
38%
envie,
33%
file
30%
chanteur
29%
showbiz
25%
vais
23%
heureux
14%
malheureux
14%
Ouh,
12%
ouh,
12%
ouh
12%
Aucun quiz correspondant
Distribution des résultats
% des personnes avec chaque résultat
Percentile par nombre de réponses
Votre historique - résultats
Vous n’avez pas pris ce quiz